LDR 00712naa#a2200157#i#450# 001 EN\\bibl\124802 005 20260604105150.4 100 ## _a20260531b2026####ek#y0engy0150####ca 102 ## _aRU 200 1# _aTHE USE OF ARTIFICIAL INTELLIGENCE IN CRIMINAL PROCEEDINGS REQUIRES THE RESTORATION OF THE PRINCIPLE OF COMPREHENSIVE, COMPLETE AND OBJECTIVE EXAMINATION OF CASE CIRCUMSTANCES _eJournal article 210 1# _aMoscow _cNational Research University of Electronic Technology _d2026 215 ## _a0 с. 608 ## _aJournal article _2local 675 ## _aУголовное судопроизводство. Уголовно-процессуальное право. 343.1 _z 700 #1 _aPetuhov _gEvgeniy Nikolaevich 856 4# _ahtlaw.ru _u